<?xml version="1.0" encoding="UTF-8"?>
<record
    xmlns:xsi="http://www.w3.org/2001/XMLSchema-instance"
    xsi:schemaLocation="http://www.loc.gov/MARC21/slim http://www.loc.gov/standards/marcxml/schema/MARC21slim.xsd"
    xmlns="http://www.loc.gov/MARC21/slim">

  <leader>00804nam a22001817a 4500</leader>
  <controlfield tag="005">20120330112326.0</controlfield>
  <datafield tag="020" ind1=" " ind2=" ">
    <subfield code="c">495.00</subfield>
    <subfield code="a">8170434637</subfield>
  </datafield>
  <datafield tag="035" ind1=" " ind2=" ">
    <subfield code="a">B-14458</subfield>
  </datafield>
  <datafield tag="037" ind1=" " ind2=" ">
    <subfield code="b"> </subfield>
    <subfield code="a">dpl</subfield>
  </datafield>
  <datafield tag="082" ind1=" " ind2=" ">
    <subfield code="a">320.50954</subfield>
  </datafield>
  <datafield tag="100" ind1=" " ind2=" ">
    <subfield code="a">&#x935;&#x93F;&#x937;&#x94D;&#x923;&#x941; &#x92D;&#x917;&#x935;&#x93E;&#x928;</subfield>
    <subfield code="9">44556</subfield>
  </datafield>
  <datafield tag="245" ind1="1" ind2=" ">
    <subfield code="a">&#x92D;&#x93E;&#x930;&#x924;&#x940;&#x92F; &#x930;&#x93E;&#x91C;&#x928;&#x940;&#x924;&#x93F;&#x915; &#x935;&#x93F;&#x91A;&#x93E;&#x930;&#x915; /</subfield>
    <subfield code="c">&#x935;&#x93F;&#x937;&#x94D;&#x923;&#x941; &#x92D;&#x917;&#x935;&#x93E;&#x928;</subfield>
  </datafield>
  <datafield tag="260" ind1=" " ind2=" ">
    <subfield code="a">&#x926;&#x93F;&#x932;&#x94D;&#x932;&#x940;</subfield>
    <subfield code="b">&#x906;&#x924;&#x94D;&#x92E;&#x93E;&#x930;&#x93E;&#x92E; &#x90F;&#x923;&#x94D;&#x921; &#x938;&#x902;&#x938;</subfield>
    <subfield code="c">2000</subfield>
  </datafield>
  <datafield tag="270" ind1=" " ind2=" ">
    <subfield code="a"> </subfield>
    <subfield code="b"> </subfield>
    <subfield code="e"> </subfield>
    <subfield code="k"> </subfield>
  </datafield>
  <datafield tag="300" ind1=" " ind2=" ">
    <subfield code="a">291&#x92A;&#x943;.</subfield>
    <subfield code="c">22&#x938;&#x947;&#x92E;&#x940; (&#x938;&#x91C;&#x93F;&#x932;&#x94D;&#x926;)</subfield>
  </datafield>
  <datafield tag="942" ind1=" " ind2=" ">
    <subfield code="a">dpl</subfield>
    <subfield code="c">HN</subfield>
    <subfield code="k"> </subfield>
    <subfield code="2">ddc</subfield>
    <subfield code="h">320.50954</subfield>
    <subfield code="m">&#x935;&#x93F;&#x937;&#x94D;&#x923;&#x941;&#x92D; </subfield>
  </datafield>
  <datafield tag="999" ind1=" " ind2=" ">
    <subfield code="c">64534</subfield>
    <subfield code="d">64534</subfield>
  </datafield>
  <datafield tag="952" ind1=" " ind2=" ">
    <subfield code="0">0</subfield>
    <subfield code="1">0</subfield>
    <subfield code="4">0</subfield>
    <subfield code="7">0</subfield>
    <subfield code="8">NFIC</subfield>
    <subfield code="a">ZLS</subfield>
    <subfield code="b">ZLS</subfield>
    <subfield code="d">2012-03-30</subfield>
    <subfield code="g">495.00</subfield>
    <subfield code="l">0</subfield>
    <subfield code="o">320.50954 &#x935;&#x93F;&#x937;&#x94D;&#x923;&#x941;&#x92D;</subfield>
    <subfield code="p">B-14458</subfield>
    <subfield code="r">2012-03-30 00:00:00</subfield>
    <subfield code="v">495.00</subfield>
    <subfield code="w">2012-03-30</subfield>
    <subfield code="y">HN</subfield>
  </datafield>
</record>
